| 000 | 00740nam a22001937a 4500 | ||
|---|---|---|---|
| 003 | BD-DhUL | ||
| 005 | 20160921200755.0 | ||
| 008 | 160126s1989 bg |||| |||| 001 0 ben | ||
| 040 |
_aBD-DhUL _cBD-DhUL |
||
| 082 |
_a954.923 _bSYL |
||
| 245 |
_aসিলেট পৌর পরিক্রমা / _cগিয়াসউদ্দিন আউয়াল সম্পাদিত |
||
| 260 |
_aসিলেট : _bআলাপনী, _c১৯৮৯ |
||
| 300 |
_a১৩১ পৃ. : _c২১ সেমি. |
||
| 365 |
_aBDT _b75.00 |
||
| 650 | _aবাংলাদেশ(সিলেট)-ইতিহাস | ||
| 651 | 1 |
_aBangladesh (sylhet) _xHistory |
|
| 700 | _aদাস, শ্রীঅনঙ্গমোহন | ||
| 942 |
_2ddc _cBK |
||
| 999 |
_c105317 _d105317 |
||